The prakrita - prakasa/ (Record no. 147787)

000 -LEADER
fixed length control field 00345nam a22001451a 4500
082 ## - DEWEY DECIMAL CLASSIFICATION NUMBER
Classification number 491. 35
Item number COW/P
100 ## - MAIN ENTRY--PERSONAL NAME
Personal name Cowell E B
245 ## - TITLE STATEMENT
Title The prakrita - prakasa/
Statement of responsibility, etc. by Cowell E B.
260 ## - PUBLICATION, DISTRIBUTION, ETC.
Place of publication, distribution, etc. New Delhi:
Name of publisher, distributor, etc. Cosmo,
Date of publication, distribution, etc. 1853.
300 ## - PHYSICAL DESCRIPTION
Extent 200p.
650 ## - SUBJECT ADDED ENTRY--TOPICAL TERM
Topical term or geographic name entry element Prakrit Language
650 ## - SUBJECT ADDED ENTRY--TOPICAL TERM
Topical term or geographic name entry element Prakrit Sanskrit
650 ## - SUBJECT ADDED ENTRY--TOPICAL TERM
Topical term or geographic name entry element Language
942 ## - ADDED ENTRY ELEMENTS (KOHA)
Koha item type Book
Holdings
Withdrawn status Lost status Source of classification or shelving scheme Damaged status Not for loan Permanent Location Current Location Shelving location Date acquired Cost, normal purchase price Total Checkouts Full call number Barcode Date last seen Price effective from Koha item type
          Department of Sanskrit General, SSUS, Kalady Department of Sanskrit General, SSUS, Kalady Reference 28.02.2019 125.00   491. 35 COW/P TH000695 28.02.2019 28.02.2019 Book